| 000 | 00466nam a2200181Ia 4500 | ||
|---|---|---|---|
| 005 | 20240517044227.0 | ||
| 008 | 240331s9999 xx 000 0 und d | ||
| 020 | _a8185777284 | ||
| 082 |
_bREV _a335 |
||
| 245 | 0 |
_aRevolution and organization : _brosa Luxenburg and her critics |
|
| 250 | _a1st | ||
| 260 |
_aCalcutta _bPearl Publisher _c1994 |
||
| 300 | _axxxi, 271 p ., | ||
| 650 | _aSocial | ||
| 650 | _aPolitical | ||
| 700 |
_aGupta, S.D. _eedt |
||
| 942 | _cL | ||
| 999 |
_c2762 _d2762 |
||